000 00318nam a22001337a 4500
005 20230816091715.0
008 230816b |||||||| |||| 00| 0 eng d
040 _aLoreto college
041 _aEnglish
082 _a820
_bRIC
245 _aVoices and books in the english renaissance
850 _aLCLIB
942 _cBK
999 _c43451
_d93930